[Event "Zlin Region-chT 2223"]
[Site "Czech Republic"]
[Date "2022.11.13"]
[Round "3.6"]
[White "Hobza, Richard"]
[Black "Blaha, Petr"]
[Result "1-0"]
[WhiteElo "1499"]
[BlackElo "1953"]
[PlyCount "74"]
[EventDate "2022.10.09"]
[EventType "team-tourn"]
[EventRounds "11"]
[EventCountry "CZE"]
[SourceTitle "EXT 2024"]
[Source "ChessBase"]
[SourceDate "2023.10.10"]
[SourceVersion "1"]
[SourceVersionDate "2023.10.10"]
[SourceQuality "1"]
[WhiteTeam "Zlin Malenovice"]
[BlackTeam "Stare Mesto II"]
[WhiteTeamCountry "CZE"]
[BlackTeamCountry "CZE"]

1. d4 d5 2. c4 c6 3. Nc3 Nf6 4. Nf3 e6 5. e3 Bd6 6. Bd3 Nbd7 7. 0-0 dxc4 8. Bxc4 b5 9. Bb3 a6 10. e4 Be7 11. e5 Nd5 12. Nxd5 cxd5 13. Bc2 a5 14. Be3 Ba6 15. Qd2 b4 16. Rfc1 Nb6 17. b3 0-0 18. Bg5 Bxg5 19. Nxg5 h6 20. Nh7 Re8 21. Nf6+ gxf6 22. Qxh6 f5 23. Re1 Nd7 24. Re3 Nf8 25. Rg3+ Ng6 26. h4 Qe7 27. h5 Qf8 28. Qg5 Ra7 29. Kh2 Qe7 30. Qf4 Kg7 31. Rh1 Rh8 32. Kg1 Raa8 33. Rg5 Rac8 34. Bb1 Qc7 35. g3 Qc1+ 36. Kg2 Qxf4 37. gxf4 Kf8 1-0

[Event "CZE-chT2E 1920"]
[Site "Czech Republic"]
[Date "2019.12.01"]
[Round "4.8"]
[White "Fojtik, Tomas"]
[Black "Blaha, Petr"]
[Result "0-1"]
[WhiteElo "2029"]
[BlackElo "1987"]
[PlyCount "90"]
[EventDate "2019.10.13"]
[EventType "team-tourn"]
[EventRounds "11"]
[EventCountry "CZE"]
[SourceTitle "EXT 2024"]
[Source "ChessBase"]
[SourceDate "2023.10.10"]
[SourceVersion "1"]
[SourceVersionDate "2023.10.10"]
[SourceQuality "1"]
[WhiteTeam "Lipovec Garde"]
[BlackTeam "Stare Mesto II"]
[WhiteTeamCountry "CZE"]
[BlackTeamCountry "CZE"]

1. c4 c5 2. Nf3 Nf6 3. g3 Nc6 4. Bg2 e5 5. Nc3 d5 6. cxd5 Nxd5 7. 0-0 Be6 8. d3 Be7 9. Bd2 0-0 10. Rc1 Rc8 11. a3 Qd7 12. Ng5 Bxg5 13. Bxg5 Nxc3 14. bxc3 Bh3 15. Be3 Bxg2 16. Kxg2 b6 17. f3 Rfd8 18. Qc2 Qe6 19. Qa4 Rd7 20. Rfd1 Rcd8 21. Bf2 f5 22. Qc2 e4 23. dxe4 Rxd1 24. Rxd1 Rxd1 25. Qxd1 fxe4 26. Qd2 exf3+ 27. exf3 h6 28. g4 Ne5 29. Qe2 Qd5 30. h3 Nc4 31. a4 a6 32. Qe8+ Kh7 33. Qe2 b5 34. axb5 axb5 35. Qe1 Ne5 36. Qe2 Nd3 37. Bg3 b4 38. cxb4 cxb4 39. h4 b3 40. h5 b2 41. Qc2 Qb5 42. Qb1 Kh8 43. Bf2 Nxf2 44. Kxf2 Qc5+ 45. Kg3 Qc1 0-1

[Event "Stare Mesto op"]
[Site "Stare Mesto"]
[Date "2017.08.14"]
[Round "5"]
[White "Gyerpal, Adrian"]
[Black "Blaha, Petr"]
[Result "1-0"]
[WhiteElo "1871"]
[BlackElo "2029"]
[PlyCount "115"]
[EventDate "2017.08.11"]
[EventType "swiss"]
[EventRounds "10"]
[EventCountry "CZE"]
[SourceTitle "CBM 180 Extra"]
[Source "ChessBase"]
[SourceDate "2017.10.06"]
[SourceVersion "1"]
[SourceVersionDate "2017.10.06"]
[SourceQuality "1"]

1. d4 d5 2. c4 e6 3. Nf3 Nf6 4. g3 Nbd7 5. Bg2 c6 6. 0-0 Bd6 7. Qc2 0-0 8. Nbd2 Re8 9. e4 Nxe4 10. Nxe4 dxe4 11. Qxe4 e5 12. dxe5 Nxe5 13. Nxe5 Bxe5 14. Re1 Bd7 15. Qc2 Qf6 16. Be4 h6 17. Rb1 Rad8 18. Be3 b6 19. a4 c5 20. a5 Bc6 21. Bxc6 Qxc6 22. axb6 axb6 23. Red1 Qf3 24. b3 Bd4 25. Bxd4 Re2 26. Qc3 Rxf2 27. Qxf3 Rxf3 28. Kg2 Rf5 29. Bf2 Re8 30. Rd6 Re2 31. Rf1 h5 32. Rxb6 h4 33. Kg1 h3 34. Rc6 Rf3 35. Rxc5 Rxb3 36. Rh5 Rc3 37. c5 g6 38. Rxh3 f5 39. Rh6 Kf7 40. Rh7+ Ke6 41. Rg7 f4 42. gxf4 Kf5 43. Rg8 Rcc2 44. Rf8+ Kg4 45. Rf6 g5 46. fxg5 Kxg5 47. Rf8 Kg6 48. Rc8 Re5 49. c6 Rg5+ 50. Bg3 Rgc5 51. c7 Kg7 52. Ra8 Kh7 53. Ra7 Kg6 54. Ra6+ Kg5 55. Re6 R5c4 56. Ref6 Rc1 57. Bf4+ Kxf6 58. Rxc1 1-0

[Event "CZE-chT2F 1516"]
[Site "Czech Republic"]
[Date "2016.03.13"]
[Round "9.36"]
[White "Blaha, Petr"]
[Black "Kasik, Miroslav1111"]
[Result "1-0"]
[WhiteElo "2032"]
[BlackElo "1930"]
[PlyCount "57"]
[EventDate "2015.10.18"]
[EventType "team-tourn"]
[EventRounds "11"]
[EventCountry "CZE"]
[SourceTitle "EXT 2022"]
[Source "ChessBase"]
[SourceDate "2021.10.06"]
[SourceVersion "1"]
[SourceVersionDate "2021.10.06"]
[SourceQuality "1"]
[WhiteTeam "Stare Mesto II"]
[BlackTeam "Kromeriz Slavia II"]
[WhiteTeamCountry "CZE"]
[BlackTeamCountry "CZE"]

1. d4 Nf6 2. Nf3 e6 3. Nbd2 c5 4. e3 d5 5. c3 Nc6 6. Bd3 Bd6 7. 0-0 0-0 8. dxc5 Bxc5 9. e4 Qc7 10. Qe2 h6 11. e5 Ng4 12. Nb3 Bb6 13. Bf4 f6 14. Nbd4 Qf7 15. exf6 Qxf6 16. Nxc6 bxc6 17. Bd6 Re8 18. Ne5 Nxe5 19. Bxe5 Qg5 20. Kh1 Bd7 21. f4 Qh4 22. Rf3 Re7 23. Raf1 Qh5 24. Bd6 Rf7 25. Qc2 Qh4 26. Bg6 Rf6 27. Be5 Raf8 28. Rg3 Rxf4 29. Bh7+ 1-0

[Event "CZE-chT2F 1516"]
[Site "Czech Republic"]
[Date "2016.02.21"]
[Round "8.56"]
[White "Vaclavik, David"]
[Black "Blaha, Petr"]
[Result "1/2-1/2"]
[WhiteElo "2005"]
[BlackElo "2032"]
[PlyCount "63"]
[EventDate "2015.10.18"]
[EventType "team-tourn"]
[EventRounds "11"]
[EventCountry "CZE"]
[SourceTitle "EXT 2022"]
[Source "ChessBase"]
[SourceDate "2021.10.06"]
[SourceVersion "1"]
[SourceVersionDate "2021.10.06"]
[SourceQuality "1"]
[WhiteTeam "Poruba Slavoj II"]
[BlackTeam "Stare Mesto II"]
[WhiteTeamCountry "CZE"]
[BlackTeamCountry "CZE"]

1. e4 e5 2. Nf3 Nf6 3. Nxe5 d6 4. Nf3 Nxe4 5. Nc3 Nxc3 6. dxc3 Be7 7. Bf4 Bg4 8. h3 Be6 9. Nd4 0-0 10. Bd3 Nd7 11. 0-0 Nc5 12. Re1 Nxd3 13. cxd3 Bd7 14. Qf3 c5 15. Nc2 Bc6 16. Qg3 Re8 17. Ne3 Bh4 18. Qg4 Bd7 19. Qh5 Be6 20. g3 Bf6 21. Nd5 Be7 22. Re2 Bf8 23. Rae1 Bd7 24. Bg5 Rxe2 25. Rxe2 f6 26. Bf4 Be8 27. Qg4 Bf7 28. Ne3 d5 29. h4 Qc8 30. Qf3 Qd7 31. h5 Be6 32. d4 1/2-1/2

[Event "Stare Mesto op"]
[Site "Stare Mesto"]
[Date "2015.08.16"]
[Round "3"]
[White "Blaha, Petr"]
[Black "Kula, Dominik"]
[Result "1/2-1/2"]
[WhiteElo "2033"]
[BlackElo "2145"]
[PlyCount "88"]
[EventDate "2015.08.14"]
[EventType "swiss"]
[EventRounds "10"]
[EventCountry "CZE"]
[SourceTitle "EXT 2016"]
[Source "ChessBase"]
[SourceDate "2015.10.08"]
[SourceVersion "1"]
[SourceVersionDate "2015.10.08"]
[SourceQuality "1"]

1. d4 f5 2. Nc3 d5 3. Bg5 Nf6 4. e3 g6 5. h4 h6 6. Bf4 c6 7. Bd3 Be6 8. h5 Nxh5 9. Rxh5 gxh5 10. Qxh5+ Bf7 11. Qxf5 Qd7 12. Qe5 Rg8 13. Bg3 Qd6 14. Qf5 Qe6 15. Qf4 Qd6 16. Qf5 Qd8 17. 0-0-0 Nd7 18. Nf3 e6 19. Qh3 Qa5 20. Kb1 0-0-0 21. Qh4 Bg7 22. Qf4 Bh5 23. Qd6 e5 24. dxe5 Bg4 25. Qe7 Rde8 26. Qf7 Ref8 27. Qe7 Qd8 28. Qa3 Bxf3 29. e6 Bxc3 30. gxf3 Bf6 31. Bf5 Rxg3 32. exd7+ Kb8 33. Qd6+ Ka8 34. fxg3 Bxb2 35. Kxb2 Rxf5 36. Qe6 Rxf3 37. e4 Rf6 38. Qe8 Rf8 39. Qe6 dxe4 40. Qxe4 Qb6+ 41. Kc1 Rd8 42. Qe6 Qc5 43. Qxh6 Qa3+ 44. Kb1 Qb4+ 1/2-1/2

[Event "CZE-chT2E 1213"]
[Site "Czech Republic"]
[Date "2013.02.03"]
[Round "8.2"]
[White "Blaha, Petr"]
[Black "Holemar, David"]
[Result "0-1"]
[WhiteElo "2075"]
[BlackElo "2272"]
[PlyCount "104"]
[EventDate "2012.10.14"]
[EventType "team-tourn"]
[EventRounds "11"]
[EventCountry "CZE"]
[SourceTitle "EXT 2016"]
[Source "ChessBase"]
[SourceDate "2015.10.08"]
[SourceVersion "1"]
[SourceVersionDate "2015.10.08"]
[SourceQuality "1"]
[WhiteTeam "Stare Mesto III"]
[BlackTeam "Brno Moravska Slavia"]
[WhiteTeamCountry "CZE"]
[BlackTeamCountry "CZE"]

1. d4 Nf6 2. c4 Nc6 3. Nc3 e5 4. d5 Ne7 5. e4 Ng6 6. a3 Bc5 7. h3 d6 8. Nge2 h6 9. Qd3 a5 10. b3 0-0 11. g3 c6 12. Bg2 cxd5 13. cxd5 Bd7 14. 0-0 Qb8 15. Be3 Bxe3 16. Qxe3 b5 17. b4 Rc8 18. Rfb1 Ne8 19. Bf1 Rc7 20. bxa5 Rxa5 21. Rb3 Qc8 22. Kh2 Ne7 23. f4 Ng6 24. f5 Nf8 25. Rab1 Qa8 26. Nd1 Rca7 27. Nec3 Rxa3 28. Bxb5 Rxb3 29. Rxb3 Bxb5 30. Rxb5 Nd7 31. Qc1 Qd8 32. Qe3 Nc5 33. Rb2 Ra1 34. Re2 Qa5 35. Nf2 Qb4 36. Rc2 Nf6 37. Kg2 Kh7 38. Qe2 Qa3 39. Nb5 Qa6 40. Nc3 Qa3 41. Nb5 Qa6 42. Nc3 Qa5 43. g4 Qb4 44. h4 Nb3 45. Qb5 Qa3 46. Ne2 Nc5 47. Ng3 Qe3 48. Qc4 Ra3 49. Ngh1 Qf3+ 50. Kg1 Nxg4 51. h5 Ne3 52. Qe2 Qg2# 0-1

[Event "CZE-chT2E 1213"]
[Site "Czech Republic"]
[Date "2012.11.18"]
[Round "3.3"]
[White "Blaha, Petr"]
[Black "Kratochvil, Karel"]
[Result "0-1"]
[WhiteElo "2075"]
[BlackElo "2204"]
[PlyCount "100"]
[EventDate "2012.10.14"]
[EventType "team-tourn"]
[EventRounds "11"]
[EventCountry "CZE"]
[SourceTitle "EXT 2016"]
[Source "ChessBase"]
[SourceDate "2015.10.08"]
[SourceVersion "1"]
[SourceVersionDate "2015.10.08"]
[SourceQuality "1"]
[WhiteTeam "Stare Mesto III"]
[BlackTeam "Brno Lokomotiva"]
[WhiteTeamCountry "CZE"]
[BlackTeamCountry "CZE"]

1. d4 Nf6 2. c4 c5 3. Nf3 cxd4 4. Nxd4 e5 5. Nc2 d5 6. cxd5 Qxd5 7. Qxd5 Nxd5 8. e4 Nb4 9. Bb5+ Bd7 10. Bxd7+ Nxd7 11. Nxb4 Bxb4+ 12. Bd2 Rc8 13. 0-0 Bxd2 14. Nxd2 0-0 15. Rac1 Nc5 16. b3 Nd3 17. Rxc8 Rxc8 18. Nc4 b5 19. Nd6 Rc2 20. Nxb5 a6 21. Na3 Rxa2 22. Nc4 f6 23. f3 Rc2 24. Rd1 Rc3 25. Na5 Kf7 26. Ra1 h5 27. h4 Rc2 28. Nc4 Nf4 29. Rxa6 Nxg2 30. Nd6+ Kg6 31. Nf5 Ne1 32. Kf1 Nxf3 33. b4 Nd2+ 34. Ke2 Rb2 35. Kd3 Nxe4 36. Ne7+ Kf7 37. Nc6 Nf2+ 38. Kc4 e4 39. b5 e3 40. Ra7+ Kg6 41. Ne7+ Kh7 42. Nf5 e2 43. Rxg7+ Kh8 44. Re7 Ng4 45. Re4 Ne5+ 46. Kc3 Rxb5 47. Rxe2 Nf3 48. Ng3 Kg7 49. Re4 Kg6 50. Rf4 Ne5 0-1

[Event "Stare Mesto op"]
[Site "Stare Mesto"]
[Date "2012.08.18"]
[Round "10"]
[White "Kapusta, Petr"]
[Black "Blaha, Petr"]
[Result "0-1"]
[WhiteElo "2168"]
[BlackElo "2088"]
[PlyCount "84"]
[EventDate "2012.08.10"]
[EventType "swiss"]
[EventRounds "10"]
[EventCountry "CZE"]
[SourceTitle "CBM 149 Extra"]
[Source "ChessBase"]
[SourceDate "2012.08.24"]
[SourceVersion "1"]
[SourceVersionDate "2012.08.24"]
[SourceQuality "1"]

1. e4 d5 2. exd5 Nf6 3. d4 Nxd5 4. c4 Nb6 5. Nc3 g6 6. Nf3 Bg7 7. Be3 c6 8. Be2 Be6 9. b3 f6 10. 0-0 0-0 11. Rc1 N8d7 12. Qd2 Bf7 13. Bh6 Re8 14. Bxg7 Kxg7 15. Rfd1 e6 16. Qf4 Qe7 17. Bd3 Nf8 18. Ne4 g5 19. Qg3 Bg6 20. h4 h6 21. hxg5 hxg5 22. Nh2 Nh7 23. Ng4 Bxe4 24. Bxe4 f5 25. Qe5+ Nf6 26. Nxf6 Qxf6 27. Qxf6+ Kxf6 28. Bb1 Re7 29. Rc3 Rh8 30. f3 Rd7 31. Kf2 Rh2 32. Re3 Rh4 33. Rde1 Re7 34. Rd1 Rd7 35. Red3 Rdh7 36. Bc2 Rh1 37. R1d2 Ra1 38. a4 a5 39. Re3 Rhh1 40. Bd3 Nd7 41. c5 Rad1 42. Rb2 f4 0-1